Derecho internacional humanitario, conflicto armado y tratamiento de las víctimas. (Registro nro. 42328)
[ vista simple ]
| 000 -ENCABEZADO | |
|---|---|
| Número de control [NR] | 01293nam a2200253Ia 4500 |
| 008 - DE LONGITUD FIJA DE DATOS DE ELEMENTOS - INFORMACIÓN GENERAL | |
| Elementos de longitud fija [NR] | 130821s2002 ck gr spa |
| 020 ## - NUMERO INTERNACIONAL NORMALIZADO PARA LIBROS [R] | |
| Número Internacional Normalizado del libro [NR] | 9589706924 |
| 040 ## - FUENTE DE CATALOGACION [NR] | |
| Agencia de catalogación original [NR] | Co-BoUCM |
| Idioma de catalogación [NR] | spa |
| 041 00 - CODIGO DE IDIOMA [R] | |
| Código de idioma para texto/pista de sonido o título separado [R] | Español |
| 111 ## - ASIENTO PRINCIPAL--NOMBRE DE REUNION [NR] | |
| Nombre de reunión o de jurisdicción como elemento de entrada [NR] | Seminario Internacional Derecho Internacional Humanitario, Conflicto armarado y tratamiento de las víctimas |
| Número de la parte/sección de una obra [R] | (6 |
| Fecha de la reunión [NR] | 2002 |
| Lugar de la reunión [NR] | Tunja) |
| 9 (RLIN) | 161223 |
| 245 20 - MENCION DE TITULO [NR] | |
| Título [NR] | Derecho internacional humanitario, conflicto armado y tratamiento de las víctimas. |
| Mención de responsabilidad, etc. [NR] | Seminario Internacional Humanitario ; Compilador Jorge Eduardo Londoño Ulloa |
| 260 ## - PUBLICACION, DISTRIBUCION, ETC. (PIE DE IMPRENTA) [R] | |
| Lugar de publicación, distribución, etc. [R] | Tunja (Boyacá, Colombia) |
| Nombre del editor, distribuidor, etc. [R] | Uniboyacá ; CIPADE |
| Fecha de publicación, distribución, etc. [R] | 2002 |
| 300 ## - DESCRIPCION FISICA [R] | |
| Extensión [R] | 584 páginas |
| 650 04 - ASIENTO SECUNDARIO DE MATERIA - TERMINO TEMATICO [R] | |
| Término temático o nombre geográfico como elemento de entrada [NR] | Conflicto armado |
| Subdivisión de forma [R] | Congresos, conferencias, etc. |
| 9 (RLIN) | 11564 |
| 650 04 - ASIENTO SECUNDARIO DE MATERIA - TERMINO TEMATICO [R] | |
| Término temático o nombre geográfico como elemento de entrada [NR] | Crímenes contra la humanidad |
| Subdivisión de forma [R] | Congresos, conferencias, etc. |
| 9 (RLIN) | 12143 |
| 650 04 - ASIENTO SECUNDARIO DE MATERIA - TERMINO TEMATICO [R] | |
| Término temático o nombre geográfico como elemento de entrada [NR] | Derecho internacional humanitario |
| Subdivisión de forma [R] | Congresos, conferencias, etc. |
| 9 (RLIN) | 7496 |
| 650 04 - ASIENTO SECUNDARIO DE MATERIA - TERMINO TEMATICO [R] | |
| Término temático o nombre geográfico como elemento de entrada [NR] | Derechos civiles (Derecho internacional) |
| Subdivisión de forma [R] | Congresos, conferencias, etc. |
| 9 (RLIN) | 117306 |
| 650 04 - ASIENTO SECUNDARIO DE MATERIA - TERMINO TEMATICO [R] | |
| Término temático o nombre geográfico como elemento de entrada [NR] | Derechos humanos |
| 9 (RLIN) | 7499 |
| 650 04 - ASIENTO SECUNDARIO DE MATERIA - TERMINO TEMATICO [R] | |
| Término temático o nombre geográfico como elemento de entrada [NR] | Derechos humanos |
| Subdivisión de forma [R] | Congresos, conferencias, etc. |
| 9 (RLIN) | 7499 |
| 650 04 - ASIENTO SECUNDARIO DE MATERIA - TERMINO TEMATICO [R] | |
| Término temático o nombre geográfico como elemento de entrada [NR] | Víctimas de guerra |
| Subdivisión de forma [R] | Congresos, conferencias, etc. |
| 9 (RLIN) | 26212 |
| 700 11 - ASIENTO SECUNDARIO - NOMBRE PERSONAL [R] | |
| Nombre personal [NR] | Londoño UlloaJorge Eduardo |
| Término de relación [R] | |
| 9 (RLIN) | 161224 |
| 942 ## - ELEMENTOS DE ENTRADA AGREGADOS (KOHA) | |
| Tipo de ítem principal el descrito en 300a | Libro |
| Tema principal | Derecho |
| Edición | 1 |
| Parte restante de la signatura top. | S471d |
| Sistema de clasificación | DEWEY |
| Clasificación | 341.481 |
| Fecha de último préstamo | Total préstamos | Total Renewals | Signatura topográfica | Código de barras | Última vez visto | Ejemplar | Price effective from | Tipo de ítem | Perdido | Sistema de clasificación | Dañado | No prestable | Tipo de ítem específico | Suprimido | Ubicación habitual | Ubicación actual | Localización | Fecha de creación | Forma de adquisición | Costo |
|---|---|---|---|---|---|---|---|---|---|---|---|---|---|---|---|---|---|---|---|---|
| 07/02/2022 | 68 | 5 | 341.481 S471d | 100064490 | 12/06/2026 | Ej.1 | 03/02/2013 | Libro | DEWEY | Libro | Claustro | Claustro | 3er piso | 28/02/2004 | Donación | 24500.00 |